Представление документа в формате RUSMARC

ПолеНазваниеЗначение
  Тип записи a
  Библиографический уровень m
001 Контрольный номер RU/ГПНТБ России/IBIS/Мл 22.6/Д 96-865406172
005 Дата корректировки 20260504121930.8
010 Индекс ISBN __
a ISBN 978-5-389-26013-9
b Уточнения в пер.
9 Тираж 3000
100 Данные общей обработки __
a Данные общей обработки 20260504d2024 e y0rusy0250 ca
101 Язык документа 1_
a Язык текста rus
c Язык оригинала fre
102 Страна публикации __
a Страна публикации RU
105 Кодированные данные (монография) __
a Кодированные данные (монография) a ztz 000yy
181 Поле кодированных данных: вид содержания _0
a Код вида содержания (ISBD) b3
b Код характеристики содержания (ISBD) b2
181 Поле кодированных данных: вид содержания _0
a Код вида содержания (ISBD) i1
182 Поле кодированных данных: тип средства _0
a Код типа средства (ISBD) n
200 Заглавие и сведения об ответственности 1_
a Заглавие Космос
e Сведения, относящиеся к заглавию [комиксы
e Сведения, относящиеся к заглавию для старшего школьного возраста
f Первые сведения об ответственности Оливье Дюпэн
g Последующие сведения об ответственности перевод с французского Натальи Муриан
g Последующие сведения об ответственности иллюстрации Николя Аверлан]
203 Вид содержания и тип средства __
c Тип средства непосредственные
a Вид содержания Изображение
a Вид содержания Текст
b Характеристика содержания неподвижное ; двухмерное
210 Выходные данные 1_
a Место издания Москва
c Издательство Махаон
c Издательство Азбука-Аттикус
d Дата издания 2024
215 Физическое описание __
a Объем 79 с.
c Иллюстрации/тип воспроизводства цв. ил.
d Формат 23 см
225 Серия 2_
a Серия Знаешь ли ты? Комиксы для почемучек
300 Общие примечания __
a Общие примечания Автор указан на обложке
333 Примечание о целевом назначении __
a Примечание о целевом назначении Для учащихся 10-11 классов
454 Оригинал _0
1 700 1
a Dupin
g Olivier
1 2001
a Tu Sais Quoi? L'Espace
f Olivier Dupin
517 Другие варианты заглавия 1_
a Другие варианты заглавия Комиксы для почемучек
517 Другие варианты заглавия 1_
a Другие варианты заглавия L'Espace
606 Тематические рубрики __
3 Контрольный № нормативной записи RU\NLR\AUTH\66227955
a Основная рубрика Космическое пространство
j Формальный подзаголовок Издания для детей
2 Код системы nlr_sh
606 Тематические рубрики __
3 Контрольный № нормативной записи RU\NLR\AUTH\661255282
a Основная рубрика Космонавтика
j Формальный подзаголовок Издания для детей
2 Код системы nlr_sh
606 Тематические рубрики __
a Основная рубрика Комикс французский
2 Код системы nlr_sh
610 Ключевые слова 1_
a Ключевые слова детская литература
610 Ключевые слова 1_
a Ключевые слова издания для детей
610 Ключевые слова 1_
a Ключевые слова орбита
610 Ключевые слова 1_
a Ключевые слова Солнечная система
610 Ключевые слова 1_
a Ключевые слова звезды
610 Ключевые слова 1_
a Ключевые слова планеты
686 Индексы других классификаций __
2 Код системы rubbk
a Классификационный индекс 22.6
700 Автор _1
a Фамилия Дюпен
b Имя О.
g Полное личное имя Оливье
f Даты 1979-
3 Контрольный № нормативной записи RU\NLR\AUTH\770183975
4 Код отношения 070
702 Вторичная интеллектуальная ответственность _1
a Фамилия Аверлан
b Имя Н.
g Полное личное имя Николя
4 Код отношения 440
702 Вторичная интеллектуальная ответственность _1
a Фамилия Муриан
b Имя Н.
g Полное личное имя Наталья
4 Код отношения 730
801 Источник записи _0
b Организация ГПНТБ России
a Страна RU
c Дата составления 20260504
801 Источник записи _1
b Организация ГПНТБ России
a Страна RU
c Дата составления 20260504
852 Данные о местонахождении 5_
a Наименование организации ГПНТБ России
m Суффикс шифра хранения 105046
b Сигла хранения ЦГБ
j Шифр хранения Мл 22.6
p Инвентарный номер RU
899 Данные о местонахождении __
a Местонахождение ГПНТБ России
p Штрих-код 105046
b Место хранения ЦГБ
h Классификационная часть РШ 22.6
i Авторский знак Д 96
901 Тип документа __
a Ответственный заим.